000 00333nam a22001217a 4500
040 _cNUST
082 _a174.962,NAA
100 _aNaagarazan, R.S.
_998754
245 _aA Textbook on professional ethics human values /
_cR.S. Naagarazan
260 _c2016
650 _aEthics Human Values
_998755
942 _2ddc
_cBK
_k174.962,NAA
999 _c591343
_d591343